000 00646nam a2200205Ia 4500
999 _c37917
_d37917
003 GCL
005 20240530103244.0
008 140319s9999 xx 000 0 ara d
040 _aGCL /
_cGCL
082 0 4 _a205
_bع م
100 1 _aعبدالله المشوخى
245 1 0 _aموقف الاسلام والكنيسة من العالم /
_cعبدالله المشوخى
260 _a[S.N] :
_bمكتبة المنار ،
_c1982
300 _a193 ص
650 0 4 _aالاسلام والعلم
650 0 4 _aالدين والعلم
650 0 4 _aالمسيحية والعلم
700 1 _aعبدالله المشوفى
942 _2ddc
_cBK